000 00757nam a2200253Ia 4500
003 OSt
005 20220927105551.0
006 a|||||r|||| 00| 0
007 ta
008 220926b |||||||| |||| 00| 0 eng d
024 _a177100
037 _cReference Collections
040 _aRTL
_cRTL
_beng
041 _2eng
_aeng
082 _a"V2,31p.N82, M2.121-25/GD"
110 _a"INDIA, RAJYA SABHA"
_9373345
245 0 _aParliamentary debates
_b official report.
260 _aNew
_bDelhi Rajya Sabha Secretariat India
_c1982
300 _a"iii,338p."
_ccm.
490 _v"Vol.121,no. 25"
700 _a"INDIA, RAJYA SABHA"
_9373346
942 _h"V2,31p.N82, M2.121-25/GD"
_cCC
999 _c693139
_d693139